00708nam a2200205 a 450000100100000000500170001000800410002702000150006804000250008308200160010810000270012424500780015126000420022930000210027149000320029283000380032404900090036295201140037199900170048500002215720200930011615.0100917s1999 es 001 0 spa d a8474327547 aDO-SdBNPbspacBNPHU axxxxbB943d1 aBuonanno, Milly94586113aEl drama televisivo :bidentidad y contenidos sociales /cMilly Buonanno. aBarcelona :bEditorial Gedisa,c1999. a192 p. ;c20 cm.1 aEstudios de televisiónv3 0aEstudios de televisiónv395765 aBNPD 001050718MOaPDbPDcCTd2010-09-17iLF1l0oxxxx B943dp22157-10r2020-06-25w2020-06-25y1ZNo se presta c21655d21655